000 00649nam a2200181 a 4500
001 000040530
005 20201002034208.0
008 130830s2011 sp 000 0 spa d
020 _a9788420660127
040 _aDO-SdBNP
_bspa
_cBNPHU
100 1 _aDíez de Velasco Abellán, Francisco
_c1960-
_966829
245 1 0 _aBreve historia de las religiones /
_cFrancisco Díez de Velasco Abellán.
260 _aMadrid :
_bAlianza Editorial,
_c2011.
300 _a277 p. ;
_c18 cm.
490 1 _aEl libro del bolsillo
_aReligiones y mitología
_v4112
500 _aSegunda reimpresión
830 0 _aEl libro del bolsillo
_aReligiones y mitología
_v4112
_966830
999 _c40020
_d40020